Gerakan kiri Melayu dalam perjuangan kemerdekaan / (Record no. 1538)

000 -LEADER
fixed length control field nam a22 a 4500
003 - CONTROL NUMBER IDENTIFIER
control field AKMAL
005 - DATE AND TIME OF LATEST TRANSACTION
control field 20170511085907.0
008 - FIXED-LENGTH DATA ELEMENTS--GENERAL INFORMATION
fixed length control field 170511s2005 my | e | a001 0 may d
020 ## - INTERNATIONAL STANDARD BOOK NUMBER
International Standard Book Number 9789679427172
020 ## - INTERNATIONAL STANDARD BOOK NUMBER
International Standard Book Number 967942717X (kkt.) :
Terms of availability RM35.00
039 #9 - LEVEL OF BIBLIOGRAPHIC CONTROL AND CODING DETAIL [OBSOLETE]
Level of rules in bibliographic description 200904201512
Level of effort used to assign nonsubject heading access points kik3856
Level of effort used to assign subject headings 200904141020
Level of effort used to assign classification rosimah
Level of effort used to assign subject headings 200706081654
Level of effort used to assign classification anisatul
Level of effort used to assign subject headings 200612141517
Level of effort used to assign classification norsyahiza
040 ## - CATALOGING SOURCE
Original cataloging agency AKMAL
082 04 - DEWEY DECIMAL CLASSIFICATION NUMBER
Classification number 320.9595 MOH
Edition number 22
090 20 - LOCALLY ASSIGNED LC-TYPE CALL NUMBER (OCLC); LOCAL CALL NUMBER (RLIN)
Classification number (OCLC) (R) ; Classification number, CALL (RLIN) (NR) 320.9595
Local cutter number (OCLC) ; Book number/undivided call number, CALL (RLIN) MOH
100 0# - MAIN ENTRY--PERSONAL NAME
Personal name Mohamed Salleh Lamry,
Dates associated with a name 1942-
9 (RLIN) 3079
245 10 - TITLE STATEMENT
Title Gerakan kiri Melayu dalam perjuangan kemerdekaan /
Statement of responsibility, etc. Mohamed Salleh Lamry
260 ## - PUBLICATION, DISTRIBUTION, ETC.
Place of publication, distribution, etc. Bangi, Selangor :
Name of publisher, distributor, etc. Universiti Kebangsaan Malaysia,
Date of publication, distribution, etc. 2005
300 ## - PHYSICAL DESCRIPTION
Extent 230ms. ;
Dimensions 23cm.
500 ## - GENERAL NOTE
General note Mengandungi indeks
504 ## - BIBLIOGRAPHY, ETC. NOTE
Bibliography, etc. note Bibliografi : ms. [195]-198
650 10 - SUBJECT ADDED ENTRY--TOPICAL TERM
Topical term or geographic name entry element Opposition (Political science)
Geographic subdivision Malaysia
General subdivision History
9 (RLIN) 3080
650 20 - SUBJECT ADDED ENTRY--TOPICAL TERM
Topical term or geographic name entry element Communist parties
Geographic subdivision Malaya
General subdivision History
9 (RLIN) 3081
650 20 - SUBJECT ADDED ENTRY--TOPICAL TERM
Topical term or geographic name entry element Political parties
Geographic subdivision Malaysia
General subdivision History
9 (RLIN) 3082
651 #0 - SUBJECT ADDED ENTRY--GEOGRAPHIC NAME
Geographic name Malaysia
General subdivision Politics and government
-- History
9 (RLIN) 3083
856 4# - ELECTRONIC LOCATION AND ACCESS
Uniform Resource Identifier http://www.mph.com.my/search/nsearch.cfm?do=detail&pcode=967942717X
Link text Kulit Depan & Ringkasan
942 ## - ADDED ENTRY ELEMENTS (KOHA)
Source of classification or shelving scheme
Koha item type Book
Holdings
Withdrawn status Lost status Source of classification or shelving scheme Damaged status Not for loan Collection code Home library Current library Shelving location Date acquired Inventory number Total Checkouts Full call number Barcode Date last seen Price effective from Koha item type
          NON-FICTION AKMAL Melaka AKMAL Melaka PINJAMAN 11.05.2017 304929   320.9595 MOH 201702991 11.05.2017 11.05.2017 Book
Pusat Sumber Maklumat Dato' Haji Sarmin Md Hussin, Akademi Kastam Diraja Malaysia, Melaka
Tel: 06-2331106 | Faks: 06-2313787